000 00777nam a22002297a 4500
999 _c12901
_d12901
003 AR-CdUCM
008 190410b ||||| |||| 00| 0 spa d
020 _a987-04-0045-0
040 _aMUNICIPALIDAD PROVINCIAL DEL CUSCO
_cBIBLIOTECA MUNICIPAL DEL CUSCO
082 _a332.02 /
_bK62
100 _aKiyosaki, Robert T.
_931023
245 _aPadre rico, padre pobre /
260 _aLima :
_bAguilar,
_c2005.
300 _a157 paginas ;
_c23 cm.
505 _aContenido :Qué les enseñan los ricos a sus hijos acerca del dinero,que los pobres y las clases media no /
650 _aFinanzas personales
_931024
650 _aAhorro e inversión
_931025
650 _aRiqueza
_94060
700 _aSharon L.Lechter
_931026
942 _2ddc
_cLIBROS
945 _arjall
_d2019-04-10